000 00303nam a2200109Ia 4500
008 200302s9999 xx 000 0 und d
100 _aAndrea Gleiniger and Other
245 _aSimulation Presentation Technique and Cognitive Method
260 _bBirkhauser Verlag Ag
260 _c2008
300 _a1118 P.,
999 _c2936
_d2936